• 首页
  • 本馆介绍
  • 公告通知
  • 最新文献
  • 馆藏检索
  • 电子资源
  • 读者导购
  • 参考咨询
  • 我的图书馆
  • 登录
  • 详细信息显示
  • 放入我的书架
  • 预约/预借图书
  • 作者相关作品
  • 分类相关作品
  • 丛书相关作品
  • 出版社相关作品

书目信息

  • 表格格式
  • 工作单格式
  • 卡片格式
题名:
物理学基础与前哨
    
 
作者: 盖莫夫 , Gamow , 克利夫兰 , Cleveland 著 ;许国保 校 ;上海师范大学物理系 译
分册: 上册  
出版信息: 上海   上海教育出版社  1980
页数: 396页
开本: 19cm
丛书名:
单 册:
中图分类: O4 , G633.7
科图分类:
主题词: 物理学
电子资源:
ISBN:
000 01060nam0 2200325 45
001 0180005445
005 20060815170657.60
010    @dCNY1.10
091    @a7150.2091
100    @a19950428d1980 em y0chiy0121 ea
101 1  @achi@ceng
102    @aCN@b310000
105    @ay z 000yy
200 10 @a物理学基础与前哨@h上册@Awu li xue ji chu yu qian shao@f(美)盖莫夫(G. Gamow),(美)克利夫兰(J.M. Cleveland)著@g上海师范大学物理系译@g许国保校
210    @a上海@c上海教育出版社@d1980
215    @a396页@d19cm
300    @a书名原文:Physics foundations and frontiers
510 1  @aPhysics foundations and frontiers@zeng
606    @a物理学
690    @aO4@v3
690    @aG633.7@v3
701  1 @a盖莫夫@Agai mo fu@bG.@4著
701 A1 @aGamow@bG.@4著
701  1 @a克利夫兰@Ake li fu lan@bJ.M.@4著
701 A1 @aCleveland@bJ.M.@4著
702  0 @a许国保@Axu guo bao@4校
712 02 @a上海师范大学物理系@Ashang hai shi fan da xue wu li xi@4译
801  0 @aCN@b上海图书馆@c20060815
801  2 @aCN@bNLC@c20060727
905    @dG633.7@e233:1@f1@b32690
    
    物理学基础与前哨.上册/(美)盖莫夫(G. Gamow),(美)克利夫兰(J.M. Cleveland)著/上海师范大学物理系译/许国保校.-上海:上海教育出版社,1980
    396页;19cm
    书名原文:Physics foundations and frontiers
    
    ISBN :CNY1.10
    
●
相关链接 在E读中查询图书 在五车中查询图书 在当当中查询图书 在豆瓣中查询图书


正题名:物理学基础与前哨     索取号:G633.7/233:1         预约/预借

序号 登录号 条形码 馆藏地/架位号 状态 备注
1 0032690   000613900   第四借阅区/ [索取号:G633.7/233:1] 在馆    
2 0032691   001679561   密集书库/ [索取号:G633.7/233:1] 在馆    
3 0032693   001679589   密集书库/ [索取号:G633.7/233:1] 在馆    
4 0032694   001679570   密集书库/ [索取号:G633.7/233:1] 在馆    
5 0032695   001517193   密集书库/ [索取号:G633.7/233:1] 在馆    
6 0032696   001662196   密集书库/ [索取号:G633.7/233:1] 在馆    
7 0032697   001823619   密集书库/ [索取号:G633.7/233:1] 在馆    
8 0032698   001662203   密集书库/ [索取号:G633.7/233:1] 在馆    
9 0032699   001662132   密集书库/ [索取号:G633.7/233:1] 在馆    
10 0440103   204401030   密集书库/ [索取号:G633.7/233:1] 在馆    
11 0460448   204604482   密集书库/ [索取号:G633.7/233:1] 在馆    
唐山师范学院图书馆 欢迎您!
大连网信软件有限公司© 版权所有